000 00313nam a22001457a 4500
008 230123b ||||| |||| 00| 0 eng d
020 _a9781594867538
041 _aeng
080 _a615.83
082 _a615.83YEA
100 _a16
101 _aNUTRI
245 _aFOOD REMENDIES
_cYEAGER S
942 _2udc
_cBK
999 _c59239
_d59239